[Event "Open d'Avoine 2017"]
[Site "Avoine"]
[Date "2017.07.22"]
[Round "2.1"]
[White "Trouve, Guillaume"]
[Black "Feller, Sebastien"]
[Result "0-1"]
[WhiteElo "2214"]
[BlackElo "2569"]
[PlyCount "48"]
[EventDate "2017.??.??"]

1. e4 c6 2. d4 d5 3. e5 Bf5 4. Be3 e6 5. Nd2 Qb6 6. Nb3 a5 7. a4 Bb4+ 8. c3 Be7
9. Be2 Nd7 10. f4 f6 11. Nf3 Nh6 12. h3 fxe5 13. fxe5 Nf7 14. Bf2 O-O 15. O-O
Ng5 16. Nxg5 Bxg5 17. h4 Be7 18. g4 Be4 19. Nd2 Nxe5 20. Nxe4 dxe4 21. Qc2 Nf3+
22. Kh1 Qc7 23. Bxf3 Rxf3 24. Kg2 Qf4 0-1

[Event "Open d'Avoine 2017"]
[Site "Avoine"]
[Date "2017.07.22"]
[Round "2.2"]
[White "Ortiz Suarez, Isan Reynaldo"]
[Black "Bouget, Alexandre"]
[Result "1-0"]
[WhiteElo "2565"]
[BlackElo "2210"]
[PlyCount "83"]
[EventDate "2017.??.??"]

1. c4 e5 2. Nc3 Nc6 3. Nf3 Nf6 4. e3 Bb4 5. Qc2 d6 6. Be2 O-O 7. O-O Bg4 8. Nd5
Nxd5 9. cxd5 Ne7 10. Qc4 Bxf3 11. Bxf3 Bc5 12. b4 Bb6 13. d3 c6 14. dxc6 bxc6
15. a4 d5 16. Qb3 Kh8 17. Ba3 f5 18. b5 e4 19. dxe4 fxe4 20. Bg4 cxb5 21. axb5
Bc7 22. Bxe7 Qxe7 23. Qxd5 Rae8 24. g3 Bb6 25. Ra4 Rf6 26. Bh3 Rh6 27. Bf5 Rd6
28. Qxe4 g6 29. Qxe7 Rxe7 30. Be4 Rd2 31. Bc6 g5 32. h4 h6 33. hxg5 hxg5 34.
Re4 Rxe4 35. Bxe4 Kg7 36. Rc1 Rb2 37. Bd3 Rb3 38. Rd1 Rb2 39. Bf1 Kf6 40. Rd5
Kg6 41. Bd3+ Kh5 42. Bf5 1-0

[Event "Open d'Avoine 2017"]
[Site "Avoine"]
[Date "2017.07.22"]
[Round "2.3"]
[White "Najart, David"]
[Black "Maiorov, Nikita"]
[Result "0-1"]
[WhiteElo "2193"]
[BlackElo "2531"]
[PlyCount "99"]
[EventDate "2017.??.??"]

1. e4 e5 2. Nf3 Nc6 3. Bc4 Bc5 4. O-O Nf6 5. Re1 O-O 6. d3 a6 7. c3 b5 8. Bb3
d6 9. Bg5 Bb6 10. a4 Rb8 11. h3 Kh8 12. axb5 axb5 13. d4 h6 14. Be3 Qe7 15. Na3
Na5 16. dxe5 dxe5 17. Bc2 Bxe3 18. Rxe3 b4 19. cxb4 Rxb4 20. Qe1 c5 21. Rc1 Nc6
22. Bd1 Be6 23. b3 Ra8 24. Nb1 Nd7 25. Nc3 Nd4 26. Nd2 Qf8 27. Na4 Bxb3 28.
Nxb3 Rbxa4 29. Rec3 Nxb3 30. Bxb3 Rd4 31. Bd5 Rc8 32. Qe3 Nf6 33. f4 Nxd5 34.
exd5 Rxd5 35. fxe5 Qe7 36. Re1 Qe6 37. Qg3 Rd2 38. Qe3 Qa2 39. Qe4 Qe6 40. Qe3
Qd5 41. Qe4 Qxe4 42. Rxe4 Rc6 43. Kf1 Kg8 44. g3 Rh2 45. Kg1 Rxh3 46. Rec4 Kh7
47. Kg2 Rh5 48. Rxc5 Rxc5 49. Rxc5 f6 50. Rc4 0-1

[Event "Open d'Avoine 2017"]
[Site "Avoine"]
[Date "2017.07.22"]
[Round "2.4"]
[White "Haub, Thorsten Michael"]
[Black "Roussel, Glenn"]
[Result "1-0"]
[WhiteElo "2414"]
[BlackElo "2184"]
[PlyCount "57"]
[EventDate "2017.??.??"]

1. g3 d5 2. Bg2 e5 3. d3 c6 4. Nf3 Bd6 5. e4 Ne7 6. O-O O-O 7. Re1 f6 8. d4
dxe4 9. dxe5 Bb4 10. Qxd8 Rxd8 11. exf6 gxf6 12. Nfd2 f5 13. c3 Bc5 14. Nb3 Bb6
15. Bg5 Kf7 16. N1d2 Be6 17. g4 e3 18. Bxe3 Bxe3 19. Rxe3 f4 20. Re4 Ng6 21. h3
Nd7 22. Rae1 Re8 23. Nf3 h6 24. Nfd4 Bxb3 25. Nxb3 Nde5 26. Nd4 Kf6 27. h4 Nxh4
28. Rxf4+ Kg5 29. Rfe4 1-0

[Event "Open d'Avoine 2017"]
[Site "Avoine"]
[Date "2017.07.22"]
[Round "2.5"]
[White "Mevel, Alberic"]
[Black "Manea, Alexandru"]
[Result "0-1"]
[WhiteElo "2189"]
[BlackElo "2414"]
[PlyCount "98"]
[EventDate "2017.??.??"]

1. e4 Nf6 2. Nc3 d5 3. exd5 Nxd5 4. Bc4 Nb6 5. Bb3 Nc6 6. Qf3 e6 7. Nge2 Be7 8.
O-O O-O 9. d3 Na5 10. Bf4 Bd6 11. Ne4 Nxb3 12. axb3 e5 13. Nxd6 cxd6 14. Be3
Qc7 15. Nc3 Bd7 16. Qg3 Bc6 17. f4 f5 18. Rf2 Rf6 19. fxe5 dxe5 20. Bxb6 Qxb6
21. Qxe5 Re8 22. Qf4 Rg6 23. d4 Rg4 24. Qxf5 Qxd4 25. Kh1 h6 26. h3 Rg5 27.
Qf7+ Kh7 28. Rd1 Qh4 29. Rf3 Re7 30. Qf8 Re1+ 31. Rxe1 Qxe1+ 32. Kh2 Qe5+ 33.
Kg1 Qe1+ 34. Kh2 Qe5+ 35. Kg1 Qd4+ 36. Kh2 Bxf3 37. Qxf3 Qd6+ 38. Kg1 Qd4+ 39.
Kh2 Qd6+ 40. Kg1 Qc5+ 41. Kh2 Qf5 42. Ne4 Qe5+ 43. g3 Rf5 44. Qe3 Rf7 45. Qd3
g6 46. h4 Re7 47. Nc3 Qe3 48. Qd6 Qf2+ 49. Kh3 Qf5+ 0-1

[Event "Open d'Avoine 2017"]
[Site "Avoine"]
[Date "2017.07.22"]
[Round "2.6"]
[White "Merenciano, Alexandre"]
[Black "Ollier, Pablo"]
[Result "0-1"]
[WhiteElo "2165"]
[BlackElo "2378"]
[PlyCount "55"]
[EventDate "2017.??.??"]

1. d4 Nf6 2. Bf4 d5 3. e3 c5 4. c3 Nc6 5. Nd2 cxd4 6. exd4 Bf5 7. Ngf3 e6 8.
Qb3 Bd6 9. Qxb7 O-O 10. Be5 Bxe5 11. dxe5 Na5 12. Qa6 Nd7 13. b4 Qc7 14. Bb5
Nxe5 15. bxa5 Nxf3+ 16. gxf3 Qxc3 17. Rd1 Rab8 18. Be2 Rb2 19. Qxa7 d4 20. Bc4
Rc8 21. Qd7 Rcb8 22. O-O Rxd2 23. Rxd2 Qxd2 24. Qc7 Rf8 25. a6 Qc3 26. Qc6 Bh3
27. a7 Qa5 28. Qb7 0-1

[Event "Open d'Avoine 2017"]
[Site "Avoine"]
[Date "2017.07.22"]
[Round "2.8"]
[White "Shirazi, Kamran"]
[Black "Marimoutou, Loic"]
[Result "1-0"]
[WhiteElo "2356"]
[BlackElo "2143"]
[PlyCount "89"]
[EventDate "2017.??.??"]

1. d4 Nf6 2. c4 d6 3. Nc3 e5 4. e3 Be7 5. h3 O-O 6. Bd3 Nc6 7. Nge2 Re8 8. d5
Nb4 9. Bb1 c6 10. a3 Na6 11. O-O cxd5 12. cxd5 Bd7 13. b4 Nc7 14. e4 Nb5 15.
Bd3 Nxc3 16. Nxc3 Rc8 17. Bb2 g6 18. f4 Nh5 19. fxe5 dxe5 20. Qf3 Rf8 21. Ne2
Bd6 22. g4 Qg5 23. Kh1 Ng7 24. Bc1 Qh4 25. Qg3 Qxg3 26. Nxg3 Rc3 27. Rd1 Rfc8
28. Bb2 Rb3 29. Rd2 a6 30. Rf1 Rxd3 31. Rxd3 Bb5 32. Rc3 Rxc3 33. Bxc3 Bxf1 34.
Nxf1 f5 35. Nd2 Kf7 36. Kg2 Ke7 37. Kf3 fxg4+ 38. hxg4 h5 39. Nc4 hxg4+ 40.
Kxg4 Ne8 41. Nxe5 Nf6+ 42. Kf3 g5 43. Ng4 Nd7 44. e5 Nb6 45. Ke4 1-0

[Event "Open d'Avoine 2017"]
[Site "Avoine"]
[Date "2017.07.22"]
[Round "2.9"]
[White "Maloberti, David"]
[Black "Deslandes, Pascal"]
[Result "1/2-1/2"]
[WhiteElo "2161"]
[BlackElo "2356"]
[PlyCount "90"]
[EventDate "2017.??.??"]

1. d4 Nf6 2. c4 g6 3. Nc3 Bg7 4. e4 d6 5. Nf3 O-O 6. Be2 e5 7. O-O Nc6 8. d5
Ne7 9. Ne1 Nd7 10. Be3 f5 11. f3 f4 12. Bf2 g5 13. Nd3 Nf6 14. c5 Ng6 15. Rc1
Rf7 16. b4 h5 17. a4 g4 18. a5 g3 19. hxg3 fxg3 20. Bxg3 h4 21. Bf2 Nh5 22.
cxd6 cxd6 23. Nb5 Bf8 24. Be3 a6 25. Na3 h3 26. g4 Ng3 27. Rf2 Qh4 28. Kh2 Bd7
29. Qd2 Nf4 30. Bf1 Bxg4 31. Nxf4 exf4 32. Bxf4 Nxe4 33. fxe4 Bh6 34. Bd3 Raf8
35. Rcf1 Bh5 36. Bg3 Qxg3+ 37. Kxg3 Bxd2 38. Rxf7 Rxf7 39. b5 Bxa5 40. bxa6
bxa6 41. Rxf7 Kxf7 42. Bxa6 Bb4 43. Nc2 Bc5 44. Kxh3 Kf6 45. Kg3 Ke5 1/2-1/2

[Event "Open d'Avoine 2017"]
[Site "Avoine"]
[Date "2017.07.22"]
[Round "2.10"]
[White "Midy, Robin"]
[Black "Braeuning, Rudolf Wilhelm"]
[Result "0-1"]
[WhiteElo "2143"]
[BlackElo "2326"]
[PlyCount "68"]
[EventDate "2017.??.??"]

1. d4 b5 2. e4 Bb7 3. Nd2 b4 4. Bd3 e6 5. Ngf3 g6 6. O-O Bg7 7. Qe2 d6 8. e5
Ne7 9. Ne4 Bxe4 10. Qxe4 d5 11. Qe1 c5 12. dxc5 Nec6 13. a3 bxa3 14. Rxa3 a5
15. Bb5 O-O 16. Bf4 Qc7 17. Qc3 Nd7 18. Bxc6 Qxc6 19. Rfa1 Qxc5 20. Qxc5 Nxc5
21. Rxa5 Rac8 22. Ra7 Ne4 23. c3 Rb8 24. Bc1 Nc5 25. b4 Nd3 26. Be3 Nxe5 27.
Nd4 Rfc8 28. Rc1 Nd3 29. Rc2 e5 30. Nb3 d4 31. Bd2 Nxb4 32. cxb4 Rxc2 33. b5
Rb2 34. Ra3 Bf8 0-1

[Event "Open d'Avoine 2017"]
[Site "Avoine"]
[Date "2017.07.22"]
[Round "2.11"]
[White "Heurtebize, Olivier"]
[Black "Goettelmann, Guillaume"]
[Result "1-0"]
[WhiteElo "2271"]
[BlackElo "2136"]
[PlyCount "53"]
[EventDate "2017.??.??"]

1. d4 e6 2. c4 Bb4+ 3. Nd2 Nf6 4. a3 Be7 5. Ngf3 c5 6. dxc5 a5 7. b3 Bxc5 8. e3
b6 9. Bb2 Bb7 10. Qc2 O-O 11. g3 Qe7 12. Bg2 Rd8 13. O-O h6 14. Rfd1 Na6 15. e4
Ng4 16. Rf1 d5 17. exd5 exd5 18. Rae1 Qd7 19. cxd5 Rac8 20. Nc4 Bxd5 21. h3
Nxf2 22. Rxf2 Bxf3 23. Bxf3 Qxh3 24. Be5 Bxf2+ 25. Qxf2 Nc5 26. Qe2 Nd3 27. Bg4
1-0

[Event "Open d'Avoine 2017"]
[Site "Avoine"]
[Date "2017.07.22"]
[Round "2.12"]
[White "Tomasi, Albert"]
[Black "Devallee, Jeremie"]
[Result "1/2-1/2"]
[WhiteElo "2141"]
[BlackElo "2261"]
[PlyCount "81"]
[EventDate "2017.??.??"]

1. e4 c5 2. Nf3 d6 3. d4 cxd4 4. Nxd4 Nf6 5. Nc3 g6 6. Be3 Bg7 7. f3 O-O 8. Qd2
Nc6 9. g4 Nxd4 10. Bxd4 Be6 11. h4 Qa5 12. h5 Rfc8 13. a3 Rab8 14. O-O-O b5 15.
h6 b4 16. Nd5 Bxd5 17. exd5 Bf8 18. Bxf6 exf6 19. f4 Qa4 20. Rh3 Bxh6 21. b3
Qxa3+ 22. Kb1 Bg7 23. f5 Rc5 24. Qd4 Rbc8 25. Bd3 Rc3 26. Re1 a5 27. Rhe3 a4
28. Re8+ Rxe8 29. Rxe8+ Bf8 30. Ra8 Kg7 31. g5 Be7 32. Qe3 Rxb3+ 33. cxb3 Qxb3+
34. Kc1 Qc3+ 35. Kd1 gxf5 36. Qxe7 Qxd3+ 37. Ke1 Qb1+ 38. Ke2 Qc2+ 39. Ke1 Qb1+
40. Ke2 Qc2+ 41. Ke1 1/2-1/2

[Event "Open d'Avoine 2017"]
[Site "Avoine"]
[Date "2017.07.22"]
[Round "2.13"]
[White "Grimberg, Gilbert"]
[Black "Burille, Matthieu"]
[Result "1-0"]
[WhiteElo "2258"]
[BlackElo "2135"]
[PlyCount "84"]
[EventDate "2017.??.??"]

1. d4 Nf6 2. c4 e6 3. g3 c5 4. d5 exd5 5. cxd5 g6 6. Nc3 d6 7. Bg2 Bg7 8. Nf3
O-O 9. O-O Re8 10. Bf4 a6 11. a4 Bf5 12. Nd2 Nh5 13. Be3 Rxe3 14. fxe3 Nd7 15.
Nc4 Ne5 16. Nxe5 Bxe5 17. Rxf5 gxf5 18. Qd3 Qg5 19. Rf1 Ng7 20. Rf3 h5 21. Bh3
h4 22. Kg2 hxg3 23. hxg3 b5 24. axb5 axb5 25. Nxb5 Ra2 26. Na3 Rxb2 27. Nc4 Rb4
28. Nxe5 dxe5 29. Bxf5 c4 30. Qe4 Qe7 31. Bh7+ Kf8 32. d6 Qxd6 33. Qh4 c3 34.
Be4 Kg8 35. Qh7+ Kf8 36. Qh8+ Ke7 37. Qxg7 Qe6 38. Qg5+ f6 39. Qg7+ Qf7 40.
Qxf7+ Kxf7 41. Bd5+ Ke7 42. e4 c2 1-0

[Event "Open d'Avoine 2017"]
[Site "Avoine"]
[Date "2017.07.22"]
[Round "2.14"]
[White "Doyen, Remi"]
[Black "Hernandez Moya, Yuleisy"]
[Result "1-0"]
[WhiteElo "2135"]
[BlackElo "2256"]
[PlyCount "107"]
[EventDate "2017.??.??"]

1. e4 {[%emt 0:00:00]} c5 {[%emt 0:00:00]} 2. Nc3 Nc6 3. Nf3 e6 4. d4 cxd4 5.
Nxd4 Qc7 6. f4 a6 7. Nxc6 Qxc6 8. Bd3 Nf6 9. Qe2 Bb4 10. Bd2 O-O 11. e5 Ne8 12.
O-O-O d5 13. Qh5 f5 14. g4 Bd7 15. gxf5 exf5 16. Rhg1 Rf7 17. Ne2 Bc5 18. Rg3
Rc8 19. Kb1 Be6 20. Be3 Bxe3 21. Rxe3 g6 22. Qg5 Qa4 23. b3 Qb4 24. h4 Ng7 25.
Rh3 Nh5 26. c3 Qa3 27. Rg1 Rg7 28. Bc2 Qc5 29. Nd4 Re8 30. Bd1 Qf8 31. Bxh5
gxh5 32. Qxg7+ Qxg7 33. Rxg7+ Kxg7 34. Rg3+ Kf7 35. Rg5 h6 36. Rg3 Bd7 37. Kc2
Rc8 38. a4 b5 39. axb5 axb5 40. b4 Ra8 41. Kb2 Rc8 42. Rg1 Ra8 43. Ra1 Rxa1 44.
Kxa1 Ke7 45. Kb2 Kd8 46. Kc2 Kc7 47. Kd3 Kb6 48. Nc2 Kc6 49. Kd4 Bc8 50. Ne3
Be6 51. Nf1 Bf7 52. e6 Bxe6 53. Ke5 Bg8 54. Ne3 1-0

[Event "Open d'Avoine 2017"]
[Site "Avoine"]
[Date "2017.07.22"]
[Round "2.15"]
[White "Sim, Sylvain"]
[Black "Zeuner, Michael"]
[Result "1-0"]
[WhiteElo "2254"]
[BlackElo "2122"]
[PlyCount "71"]
[EventDate "2017.??.??"]

1. e4 c5 2. Nf3 Nc6 3. d4 cxd4 4. Nxd4 g6 5. c4 Bg7 6. Be3 Nf6 7. Nc3 d6 8. Be2
O-O 9. O-O Bd7 10. Rc1 Nxd4 11. Bxd4 Bc6 12. f3 a5 13. b3 Nd7 14. Be3 Nc5 15.
Qe1 e6 16. Qf2 b6 17. Rfd1 Be5 18. Bf1 Qe7 19. Ne2 Rac8 20. Nf4 f5 21. exf5
Rxf5 22. Nd3 Rcf8 23. Nxe5 dxe5 24. Qg3 Bb7 25. Bh6 Rd8 26. h4 Rd4 27. Rxd4
exd4 28. Qb8+ Kf7 29. Qh8 Qd6 30. Qxh7+ Ke8 31. Qxg6+ Kd7 32. Rd1 d3 33. Qg7+
Kc8 34. a3 e5 35. Qg8+ Kc7 36. Qh7+ 1-0

[Event "Open d'Avoine 2017"]
[Site "Avoine"]
[Date "2017.07.22"]
[Round "2.16"]
[White "Julien, Jules-Alois"]
[Black "Gvanceladze, Anna"]
[Result "0-1"]
[WhiteElo "2124"]
[BlackElo "2244"]
[PlyCount "86"]
[EventDate "2017.??.??"]

1. e4 c6 2. c4 d5 3. cxd5 cxd5 4. exd5 Nf6 5. Nc3 g6 6. Nf3 Bg7 7. d4 O-O 8.
Bc4 Nbd7 9. d6 exd6 10. O-O Nb6 11. Bd3 Be6 12. Re1 Rc8 13. Bg5 Nbd5 14. Rc1
Qb6 15. h3 a6 16. Qd2 Rfe8 17. a3 Qb3 18. Ne2 Nd7 19. Nf4 Nxf4 20. Bxf4 Qb6 21.
Rxc8 Rxc8 22. Be4 Nf6 23. d5 Nxe4 24. Rxe4 Bf5 25. Qb4 Qd8 26. Re2 Qd7 27. Qxd6
Qxd6 28. Bxd6 Rd8 29. Bc5 Bd3 30. Rd2 Rxd5 31. Be3 Bc4 32. Rc2 Rd1+ 33. Kh2 Be6
34. g4 h6 35. Kg3 Kh7 36. Nh4 Bb3 37. Rc1 Bxb2 38. Rc8 Be6 39. Re8 Bf6 40. Nf3
Rd8 41. Rxd8 Bxd8 42. Bd4 Be7 43. Bb2 Bd6+ 0-1

[Event "Open d'Avoine 2017"]
[Site "Avoine"]
[Date "2017.07.22"]
[Round "2.17"]
[White "Ravot, Sylvain"]
[Black "Bauche, Timothe"]
[Result "1-0"]
[WhiteElo "2241"]
[BlackElo "2049"]
[PlyCount "35"]
[EventDate "2017.??.??"]

1. e4 e5 2. Nf3 Nc6 3. d4 exd4 4. Bc4 Nf6 5. O-O Nxe4 6. Re1 d5 7. Bxd5 Qxd5 8.
Nc3 Qh5 9. Nxe4 Be6 10. Bg5 h6 11. Bf6 Qg6 12. Nh4 Qh7 13. f4 Be7 14. Bxe7 Nxe7
15. Qxd4 Nc6 16. Qd3 O-O 17. f5 Rad8 18. Qg3 1-0

[Event "Open d'Avoine 2017"]
[Site "Avoine"]
[Date "2017.07.22"]
[Round "2.18"]
[White "Schmit, Vincent"]
[Black "Frick, Christoph"]
[Result "1-0"]
[WhiteElo "2043"]
[BlackElo "2239"]
[PlyCount "119"]
[EventDate "2017.??.??"]

1. e4 {[%emt 0:00:00]} c6 {[%emt 0:00:00]} 2. Nc3 d5 3. Nf3 Bg4 4. h3 Bxf3 5.
Qxf3 e6 6. d4 Nf6 7. Bd3 dxe4 8. Nxe4 Qxd4 9. c3 Qd8 10. O-O Nbd7 11. Rd1 Ne5
12. Qg3 Nxe4 13. Qxe5 Nf6 14. Bf4 Qe7 15. Bg5 h6 16. Bh4 g5 17. Bg3 Bg7 18. Qe2
Rd8 19. Be5 O-O 20. Rd2 Nd5 21. Rad1 Bxe5 22. Qxe5 Rd7 23. c4 Nf6 24. f4 gxf4
25. Qxf4 Kg7 26. Qg3+ Kh8 27. Qe3 Ng8 28. Be4 Rfd8 29. Rxd7 Rxd7 30. Rxd7 Qxd7
31. Qxa7 f5 32. Bf3 e5 33. Qc5 Qe7 34. Qxe7 Nxe7 35. Kf2 Kg7 36. Ke3 e4 37. Be2
Kf6 38. Kd4 Ke6 39. g4 c5+ 40. Kxc5 Ke5 41. gxf5 Nxf5 42. Kb6 Ng3 43. Bd1 Kd4
44. c5 Nf5 45. b4 Ne3 46. Bh5 Kc4 47. a3 Nc2 48. Kxb7 Nxa3 49. c6 Kxb4 50. Be2
Nc2 51. c7 Nd4 52. c8=Q Nxe2 53. Qf8+ Kc4 54. Qxh6 Kd3 55. Qg6 Kd4 56. h4 e3
57. h5 Nf4 58. Qg1 Kd3 59. Qd1+ Ke4 60. h6 1-0

[Event "Open d'Avoine 2017"]
[Site "Avoine"]
[Date "2017.07.22"]
[Round "2.19"]
[White "Pietrasanta, Jeremy"]
[Black "Dupont, Arthur"]
[Result "1-0"]
[WhiteElo "2234"]
[BlackElo "1972"]
[PlyCount "63"]
[EventDate "2017.??.??"]

1. c4 Nf6 2. Nc3 g6 3. d4 Bg7 4. e4 d6 5. Be2 O-O 6. Bg5 h6 7. Be3 e5 8. d5 a5
9. h4 Na6 10. h5 g5 11. g4 Nc5 12. f3 Bd7 13. Nh3 Nh7 14. Nf2 Qe7 15. O-O b6
16. Nh1 Rfb8 17. Ng3 Nf8 18. Qd2 f6 19. Rfb1 Qe8 20. b3 Rb7 21. Bd1 Rba7 22. a3
Qb8 23. Ra2 Ra6 24. Rab2 c6 25. dxc6 Bxc6 26. b4 axb4 27. axb4 Na4 28. Bxa4
Bxa4 29. b5 R6a7 30. Nf5 Qc7 31. Nd5 Qxc4 32. Rc1 1-0

[Event "Open d'Avoine 2017"]
[Site "Avoine"]
[Date "2017.07.22"]
[Round "2.20"]
[White "Neau, Julien"]
[Black "Marcantoni, Herve"]
[Result "1/2-1/2"]
[WhiteElo "1930"]
[BlackElo "2231"]
[PlyCount "96"]
[EventDate "2017.??.??"]

1. d4 Nf6 2. c4 g6 3. Nc3 Bg7 4. e4 d6 5. Nge2 Nbd7 6. Ng3 h5 7. h4 a6 8. Be2
c5 9. d5 Ne5 10. Bg5 Qa5 11. Qd2 Bd7 12. O-O b5 13. cxb5 axb5 14. a4 b4 15. Nb5
Qb6 16. f3 O-O 17. Nh1 c4+ 18. Be3 Qa5 19. Nf2 Rfc8 20. Bd4 Bxb5 21. axb5 Qxb5
22. Rxa8 Rxa8 23. Bxe5 dxe5 24. Rc1 c3 25. bxc3 bxc3 26. Rxc3 Ra1+ 27. Nd1 Qb1
28. Kh2 Kh7 29. Qb2 Qxb2 30. Nxb2 Ra2 31. Rc2 Ne8 32. Bd1 Nd6 33. Nd3 Ra3 34.
Nb4 f5 35. Rc7 Bf6 36. Nc6 Rc3 37. Rd7 Nc8 38. exf5 gxf5 39. Nxe7 Nxe7 40. d6
Rc8 41. Bc2 Kg6 42. dxe7 Re8 43. g4 hxg4 44. fxg4 Bxh4 45. gxf5+ Kg7 46. Rd6
Bf6 47. Re6 Rxe7 48. Rxe7+ Bxe7 1/2-1/2

[Event "Open d'Avoine 2017"]
[Site "Avoine"]
[Date "2017.07.22"]
[Round "2.21"]
[White "Malassagne, Raphael"]
[Black "Deveque, Guillaume"]
[Result "1-0"]
[WhiteElo "2230"]
[BlackElo "1962"]
[PlyCount "59"]
[EventDate "2017.??.??"]

1. Nf3 c5 2. c4 Nc6 3. d4 cxd4 4. Nxd4 g6 5. Nc3 Bg7 6. Nc2 Nf6 7. e4 O-O 8.
Be2 d6 9. O-O Qb6 10. b3 Bd7 11. Bg5 Qc5 12. Qd2 Ng4 13. Na4 Qa5 14. Rad1 Qxd2
15. Rxd2 h6 16. Bh4 g5 17. Bg3 b6 18. c5 bxc5 19. Nxc5 Bc8 20. Na6 Nge5 21. Ne3
f5 22. exf5 Bxf5 23. Nxf5 Rxf5 24. Rc1 Raf8 25. h3 Rd8 26. Nc7 Rd7 27. Bg4 Nxg4
28. hxg4 Re5 29. Rxc6 Re4 30. f3 1-0

[Event "Open d'Avoine 2017"]
[Site "Avoine"]
[Date "2017.07.22"]
[Round "2.22"]
[White "Vekemans, Sylvain"]
[Black "Viel, Simon"]
[Result "0-1"]
[WhiteElo "1919"]
[BlackElo "2230"]
[PlyCount "50"]
[EventDate "2017.??.??"]

1. c4 {[%emt 0:00:00]} e5 2. Nc3 Nf6 3. g3 d5 4. cxd5 Nxd5 5. Bg2 Nb6 6. Nf3
Nc6 7. O-O Be7 8. d3 O-O 9. a3 Be6 10. b4 a5 11. b5 Nd4 12. Nxd4 exd4 13. Ne4
a4 14. Bb2 Ra5 15. e3 dxe3 16. Qh5 f5 17. fxe3 Rxb5 18. Bd4 Bf7 19. Qh3 fxe4
20. Bxe4 h6 21. Rf5 Qd7 22. Qg4 Bf6 23. Bxf6 Be6 24. Bxg7 Bxf5 25. Bxf5 Qxg7
0-1

[Event "Open d'Avoine 2017"]
[Site "Avoine"]
[Date "2017.07.22"]
[Round "2.23"]
[White "Giacomini, Hector"]
[Black "Francois, Adrien"]
[Result "1-0"]
[WhiteElo "2226"]
[BlackElo "1935"]
[PlyCount "73"]
[EventDate "2017.??.??"]

1. Nf3 d5 2. e3 Nf6 3. d4 c5 4. c3 e6 5. Nbd2 Nc6 6. Bd3 Bd6 7. dxc5 Bxc5 8. b4
Be7 9. O-O b6 10. Bb2 Bb7 11. a3 O-O 12. c4 dxc4 13. Nxc4 Qd5 14. Qe2 Rfd8 15.
Rfd1 Qh5 16. b5 Na5 17. Nxa5 bxa5 18. Ne5 Qxe2 19. Bxe2 Rdc8 20. Rac1 Bd8 21.
Nc6 Nd5 22. Bf3 a6 23. Bxd5 exd5 24. Nxd8 Rxd8 25. b6 Rd6 26. Bd4 Rc6 27. Rxc6
Bxc6 28. Rc1 Rc8 29. Be5 f6 30. Bc7 Bb7 31. Rc5 a4 32. f3 Re8 33. Kf2 Re6 34.
Ke2 f5 35. Kd3 Kf7 36. Kd4 Ke7 37. Rxd5 1-0

[Event "Open d'Avoine 2017"]
[Site "Avoine"]
[Date "2017.07.22"]
[Round "2.24"]
[White "Burri, Quentin"]
[Black "Valette, Christian"]
[Result "1-0"]
[WhiteElo "2397"]
[BlackElo "2069"]
[PlyCount "65"]
[EventDate "2017.??.??"]

1. e4 e6 2. d4 d5 3. Nd2 Nf6 4. e5 Nfd7 5. Bd3 c5 6. c3 Nc6 7. Ngf3 g6 8. h4 h6
9. O-O b6 10. Re1 Bb7 11. a3 a5 12. Rb1 Ba6 13. Bxa6 Rxa6 14. Qa4 Qa8 15. c4
Nxd4 16. Nxd4 cxd4 17. Qb5 a4 18. cxd5 Ra5 19. Qc6 Qxc6 20. dxc6 Nxe5 21. b4
Rd5 22. b5 Be7 23. Rd1 O-O 24. f4 Nd3 25. Nc4 Nxc1 26. Nxb6 Ne2+ 27. Kf1 Nc3
28. Nxd5 exd5 29. b6 Bd6 30. Rxd4 Rb8 31. c7 Re8 32. Rc1 Ne4 33. c8=Q 1-0

[Event "Open d'Avoine 2017"]
[Site "Avoine"]
[Date "2017.07.22"]
[Round "2.25"]
[White "Colin, Vincent"]
[Black "Bourges, Jerome"]
[Result "1-0"]
[WhiteElo "2373"]
[BlackElo "2071"]
[PlyCount "55"]
[EventDate "2017.??.??"]

1. e4 {[%emt 0:00:00]} e6 2. d4 d5 3. e5 c5 4. c3 Nc6 5. Nf3 Bd7 6. a3 Nge7 7.
b4 cxd4 8. cxd4 Nf5 9. Bb2 b5 10. Nc3 a5 11. Nxb5 axb4 12. a4 Na5 13. Nd2 Be7
14. Bd3 O-O 15. O-O Rc8 16. Qe2 f6 17. Rac1 Qb6 18. Nf3 Rxc1 19. Rxc1 Rc8 20.
Rxc8+ Bxc8 21. exf6 Bf8 22. Bxf5 exf5 23. Qe8 Qe6 24. f7+ Qxf7 25. Qxc8 Nc4 26.
Ne5 Qe7 27. Qc6 Kh8 28. Qxd5 1-0

[Event "Open d'Avoine 2017"]
[Site "Avoine"]
[Date "2017.07.22"]
[Round "2.26"]
[White "Lejarre, Ludovic"]
[Black "Taille, Jean-Yves"]
[Result "1-0"]
[WhiteElo "2335"]
[BlackElo "1977"]
[PlyCount "37"]
[EventDate "2017.??.??"]

1. e4 c5 2. Nc3 d6 3. f4 g6 4. Nf3 Bg7 5. Bb5+ Bd7 6. Bc4 Nc6 7. O-O e6 8. d3
Nge7 9. f5 d5 10. exd5 exd5 11. Nxd5 Bxf5 12. Bg5 O-O 13. Qe1 Re8 14. Qh4 Be6
15. Nf6+ Bxf6 16. Bxf6 Bxc4 17. dxc4 Qd6 18. Ng5 h5 19. Nxf7 1-0

[Event "Open d'Avoine 2017"]
[Site "Avoine"]
[Date "2017.07.22"]
[Round "2.27"]
[White "Grimmer, Jonathan"]
[Black "Delorme, Alban"]
[Result "0-1"]
[WhiteElo "1970"]
[BlackElo "2283"]
[PlyCount "60"]
[EventDate "2017.??.??"]

1. d4 Nf6 2. Nf3 g6 3. Nbd2 c5 4. dxc5 Qa5 5. a3 Qxc5 6. b4 Qb6 7. e3 Bg7 8.
Bb2 O-O 9. c4 a5 10. c5 Qc7 11. Rc1 axb4 12. axb4 d5 13. Qb3 Nc6 14. Bb5 Re8
15. O-O e5 16. Ra1 Rxa1 17. Rxa1 Bd7 18. Bxc6 bxc6 19. Nxe5 Rxe5 20. Bxe5 Qxe5
21. Ra8+ Ne8 22. Nf3 Qe7 23. h3 h6 24. Ra7 Qe6 25. Nd4 Bxd4 26. exd4 Qe1+ 27.
Kh2 Nf6 28. Qe3 Qxb4 29. Qe5 Be6 30. Qxf6 Qb8+ 0-1

[Event "Open d'Avoine 2017"]
[Site "Avoine"]
[Date "2017.07.22"]
[Round "2.28"]
[White "Meunier-Pion, Jean"]
[Black "Louis-Sidois, Charles"]
[Result "1-0"]
[WhiteElo "2213"]
[BlackElo "2055"]
[PlyCount "67"]
[EventDate "2017.??.??"]

1. e4 g6 2. d4 Bg7 3. Nc3 c5 4. dxc5 Bxc3+ 5. bxc3 Qa5 6. Qd4 Nf6 7. Qb4 Nc6 8.
Qxa5 Nxa5 9. Bd3 b6 10. cxb6 axb6 11. Be3 d5 12. e5 Nd7 13. Nf3 Ba6 14. O-O O-O
15. Rfb1 Rfb8 16. a4 e6 17. h4 h5 18. Bd4 Nc4 19. Rb4 Rb7 20. Rab1 Rab8 21.
Bxc4 Bxc4 22. a5 b5 23. Nd2 Ra8 24. Nxc4 dxc4 25. Rxb5 Rxb5 26. Rxb5 Kf8 27.
Kf1 Ke8 28. Ke2 Kd8 29. Bb6+ Kc8 30. f4 Kb7 31. Ke3 Kc6 32. Rb4 Kd5 33. Rb1 Nc5
34. Rb5 1-0

[Event "Open d'Avoine 2017"]
[Site "Avoine"]
[Date "2017.07.22"]
[Round "2.29"]
[White "Podvin, Antoine"]
[Black "Eugene, Floryan"]
[Result "0-1"]
[WhiteElo "2048"]
[BlackElo "2193"]
[PlyCount "74"]
[EventDate "2017.??.??"]

1. d4 Nf6 2. c4 g6 3. Nc3 Bg7 4. e4 d6 5. Nge2 O-O 6. f3 a6 7. Be3 Nc6 8. Qd2
Bd7 9. Bh6 Bxh6 10. Qxh6 e5 11. d5 Na5 12. Ng3 b5 13. cxb5 axb5 14. Bxb5 Bxb5
15. Nxb5 c6 16. dxc6 Nxc6 17. a4 Qb6 18. Nf5 Ne8 19. Ne3 Nb4 20. Kd2 Nf6 21.
Rhd1 d5 22. Ke2 Rxa4 23. Rxa4 Qxb5+ 24. Ke1 Qxa4 25. Nf5 Nc2+ 26. Kd2 Qb4+ 27.
Kxc2 Nh5 28. g4 Rb8 29. Rb1 Qc5+ 30. Kd1 Qg1+ 31. Kc2 Rc8+ 32. Kd2 Qf2+ 33. Kd3
Qc2+ 34. Ke3 d4+ 35. Nxd4 exd4+ 36. Kxd4 Rd8+ 37. Ke5 Qc7# 0-1

[Event "Open d'Avoine 2017"]
[Site "Avoine"]
[Date "2017.07.22"]
[Round "2.30"]
[White "Gely, Yann"]
[Black "Vallet, Marc"]
[Result "0-1"]
[WhiteElo "1964"]
[BlackElo "2190"]
[PlyCount "142"]
[EventDate "2017.??.??"]

1. e4 {[%emt 0:00:00]} c5 {[%emt 0:00:00]} 2. Nf3 Nc6 3. d4 cxd4 4. Nxd4 g6 5.
c4 Bg7 6. Be3 Nf6 7. Nc3 Ng4 8. Qxg4 Nxd4 9. Qd1 Ne6 10. Rc1 Qa5 11. Qd2 b6 12.
Be2 Bb7 13. f3 d6 14. O-O g5 15. b3 h5 16. Nd5 Qxd2 17. Bxd2 Rc8 18. Rfd1 Bb2
19. Rc2 Bd4+ 20. Kh1 Be5 21. Be3 h4 22. Rcd2 Nf4 23. Bf1 f6 24. a3 Nh5 25. Kg1
Kf7 26. Nb4 Bf4 27. Bxf4 Nxf4 28. Nd5 Ng6 29. Ne3 Ne5 30. h3 Rc7 31. Bd3 Rd8
32. Bb1 Rcd7 33. Ba2 e6 34. b4 Ke7 35. Bb3 Rc7 36. Kf2 a5 37. b5 Nf7 38. a4
Rdd7 39. Re1 Ba8 40. Nc2 Rc5 41. Ne3 Nd8 42. Red1 Rcc7 43. Ke1 Nb7 44. Rd3 Nc5
45. Rc3 Rd8 46. Ke2 Bb7 47. Ke1 Kf7 48. Ke2 Re7 49. Kf1 Bc8 50. Bc2 Rb7 51. Rd2
e5 52. Ra3 Be6 53. Ra1 Ke7 54. Rad1 Rc7 55. Nd5+ Bxd5 56. Rxd5 Ne6 57. Bb3 Nd4
58. R1xd4 exd4 59. Rxd4 Rc5 60. Bc2 Rdc8 61. Bd3 Ke6 62. Ke2 Ke5 63. Ke3 R8c7
64. Bf1 f5 65. exf5 d5 66. f4+ gxf4+ 67. Rxf4 dxc4 68. f6 c3 69. Bd3 c2 70.
Bxc2 Rxc2 71. f7 R7c3# 0-1